|
|
|
|
| LEADER |
00000cam a2200000 7i4500 |
| 001 |
0000003524 |
| 005 |
20060412.0 |
| 020 |
0 |
0 |
|a 1405303530
|
| 090 |
0 |
0 |
|a 635
|b RHS
|
| 240 |
0 |
0 |
|a aEncyclopedia of gardening
|
| 245 |
1 |
0 |
|a The Royal Horticultural Society encyclopedia of gardening
|c editor-in-chief, Christopher Brickell.
|
| 260 |
0 |
0 |
|a London
|a New York :
|b DK ,
|c 2003
|
| 300 |
|
|
|a 752 p. :
|b ill. (chiefly col.), col. maps ;
|c 30 cm.
|
| 500 |
0 |
0 |
|a Maps on lining papers.
|
| 650 |
0 |
0 |
|a Brickell, Christopher.
|
| 650 |
0 |
0 |
|a Gardening
|x Encyclopedias.
|
| 650 |
0 |
0 |
|a Gardening
|x Pictorial works.
|
| 710 |
2 |
1 |
|a The Royal Horticultural Society
|
| 999 |
|
|
|a 0000006899
|b Monograph
|c Open Shelf
|e Default branch
|